[Event "Aktiv-Alliancen 2003"]
[Site "Taastrup"]
[Date "2003.05.25"]
[Round "4"]
[White "Pallesen, Jacob"]
[Black "Hansen, Alexei"]
[Result "0-1"]
[WhiteElo "2070"]
[BlackElo "1728"]
[PlyCount "142"]
[EventDate "2003.??.??"]

1. d4 Nf6 2. c4 g6 3. Nc3 Bg7 4. e4 d6 5. Be2 O-O 6. Nf3 e5 7. d5 Nh5 8. g3 f5
9. exf5 Bxf5 10. Ng5 Nf6 11. g4 Bd7 12. Be3 Qc8 13. h3 a5 14. Qd2 Na6 15. Nge4
Nxe4 16. Nxe4 Qe8 17. Ng5 b6 18. Bd3 Nc5 19. Bxc5 bxc5 20. Ne4 Rf4 21. Ke2 Qf7
22. Rab1 Bh6 23. Qe1 Rf3 24. g5 Bg7 25. Nf6+ Bxf6 26. Kxf3 Bxg5+ 27. Kg2 Rf8
28. Qe2 Bh4 29. Rhf1 Qf4 30. Qe3 Bg5 31. Qxf4 Rxf4 32. b3 Rh4 33. Rh1 Rd4 34.
Be2 Rd2 35. Bg4 Bxg4 36. hxg4 Be3 37. Rhf1 Rxa2 38. Ra1 Rxa1 39. Rxa1 Bd2 40.
Kf3 h6 41. Ke4 Kg7 42. Ra2 Bc3 43. f4 exf4 44. Kxf4 Kf7 45. Ke4 Kf6 46. Rf2+
Kg5 47. Kf3 Bd4 48. Rf1 Be5 49. Rh1 Bd4 50. Kg3 Be5+ 51. Kh3 Bd4 52. Rf1 Bf6
53. Rf2 h5 54. gxh5 gxh5 55. Rg2+ Kf4 56. Rg6 Be5 57. Kh4 Ke4 58. Rg2 Kd3 59.
Ra2 Bc3 60. Kxh5 Bb4 61. Rg2 Kc3 62. Rg3+ Kb2 63. Kg5 Bc3 64. Kf5 Kxb3 65. Rg8
Kxc4 66. Ke6 a4 67. Rc8 Kb3 68. Kd7 a3 69. Rb8+ Bb4 70. Kxc7 a2 71. Ra8 Ba3 0-1

[Event "Aktiv-Alliancen 2003"]
[Site "Taastrup"]
[Date "2003.05.25"]
[Round "4"]
[White "Schmidt, Horst Hubert"]
[Black "Rosenkilde, Alexander"]
[Result "1/2-1/2"]
[WhiteElo "1948"]
[BlackElo "1679"]
[PlyCount "154"]
[EventDate "2003.??.??"]

1. d4 Nf6 2. Nf3 e6 3. Bg5 Be7 4. Bxf6 Bxf6 5. e4 d6 6. Be2 Nd7 7. Nc3 O-O 8.
Qd2 c6 9. Rd1 b6 10. e5 dxe5 11. dxe5 Nxe5 12. Qxd8 Nxf3+ 13. Bxf3 Rxd8 14.
Rxd8+ Bxd8 15. Bxc6 Rb8 16. O-O Bb7 17. Bxb7 Rxb7 18. Rd1 Be7 19. Kf1 f6 20.
Ne2 Kf7 21. f4 Rc7 22. c3 b5 23. Nd4 b4 24. cxb4 Bxb4 25. Nb5 Rb7 26. Nd4 Rd7
27. Ke2 Bc5 28. Nc6 Rxd1 29. Kxd1 Ke8 30. b4 Kd7 31. b5 Kc7 32. Ke2 a6 33. a4
axb5 34. axb5 Kb6 35. Nd8 Kxb5 36. Nxe6 g6 37. Kd3 Kc6 38. Ke4 Be7 39. g4 Kd6
40. Nd4 Bd8 41. h3 Bb6 42. Nb5+ Kc6 43. Nc3 Kd6 44. h4 Ke6 45. f5+ gxf5+ 46.
gxf5+ Kd6 47. h5 Bf2 48. Nd5 Bh4 49. Nf4 Bg5 50. Ne6 h6 51. Kd4 Bc1 52. Nd8
Bb2+ 53. Ke4 Bc1 54. Nb7+ Kc6 55. Na5+ Kd6 56. Nc4+ Kc6 57. Kd4 Bg5 58. Ke4 Bc1
59. Na5+ Kd6 60. Nb3 Bg5 61. Nd4 Bc1 62. Ne6 Bg5 63. Nf8 Bc1 64. Ng6 Bg5 65.
Nh8 Bc1 66. Kd4 Bd2 67. Ng6 Bg5 68. Kc4 Kc6 69. Nh8 Bc1 70. Nf7 Bd2 71. Kd4 Bc1
72. Ne5+ fxe5+ 73. Kxe5 Kd7 74. Kf6 Ke8 75. Kg7 Bg5 76. f6 Bxf6+ 77. Kxf6 Kf8
1/2-1/2

[Event "Aktiv-Alliancen 2003"]
[Site "Taastrup"]
[Date "2003.05.25"]
[Round "4"]
[White "Foslund, Kasper"]
[Black "Sandbech, Ted"]
[Result "1/2-1/2"]
[WhiteElo "1593"]
[BlackElo "1539"]
[PlyCount "96"]
[EventDate "2003.??.??"]

1. e4 d5 2. exd5 Qxd5 3. Nf3 Bg4 4. Be2 c6 5. d4 Nf6 6. O-O e6 7. h3 Bh5 8. Nc3
Qd8 9. Bf4 Be7 10. Ne5 Bxe2 11. Nxe2 O-O 12. a4 Nbd7 13. Nxd7 Qxd7 14. c3 Rfd8
15. Qc2 c5 16. Rfd1 Qe8 17. dxc5 Bxc5 18. b4 Be7 19. Nd4 Rac8 20. Qb3 Nd5 21.
Bd2 Bf6 22. Ne2 Qc6 23. Rac1 Qc4 24. Qxc4 Rxc4 25. a5 h6 26. Be1 Rdc8 27. g3
Nxc3 28. Bxc3 Bxc3 29. Nxc3 Rxc3 30. Rxc3 Rxc3 31. Rd8+ Kh7 32. Rd7 b6 33. Rxa7
bxa5 34. bxa5 Kg6 35. Kg2 Ra3 36. a6 Kf6 37. f4 Kg6 38. Ra8 Kf6 39. a7 Kg6 40.
g4 f5 41. Re8 Rxa7 42. Rxe6+ Kf7 43. gxf5 Ra5 44. Re5 Ra6 45. Kf3 Ra3+ 46. Kg4
Ra7 47. Rb5 Rc7 48. h4 Rc6 1/2-1/2

[Event "Aktiv-Alliancen 2003"]
[Site "Taastrup"]
[Date "2003.05.25"]
[Round "4"]
[White "Carlsen, Henrik"]
[Black "Foslund, Peter"]
[Result "0-1"]
[WhiteElo "1394"]
[BlackElo "1659"]
[PlyCount "60"]
[EventDate "2003.??.??"]

1. e4 c5 2. Nf3 Nc6 3. d4 cxd4 4. Nxd4 d6 5. Nc3 Nf6 6. Bg5 Bd7 7. Qd2 Nxd4 8.
Qxd4 Bc6 9. f3 a6 10. Bc4 Qc7 11. Bb3 b5 12. Bxf6 gxf6 13. Nd5 Qb7 14. O-O-O
Rg8 15. g4 Bg7 16. Qb6 Bxd5 17. Qd4 Bxb3 18. axb3 f5 19. Qe3 fxg4 20. fxg4 Be5
21. Qh3 Qxe4 22. Rhe1 Qxg4 23. Qxh7 O-O-O 24. Kb1 Qe6 25. Qe4 Kb8 26. Qb4 Qc8
27. Ka2 Qxc2 28. Rd2 Qc6 29. Re4 Qb7 30. Qa5 Qxe4 0-1

[Event "Aktiv-Alliancen 2003"]
[Site "Taastrup"]
[Date "2003.05.25"]
[Round "4"]
[White "Riis, Morten"]
[Black "Lauritsen, Martin Lee"]
[Result "0-1"]
[WhiteElo "1456"]
[BlackElo "1768"]
[PlyCount "66"]
[EventDate "2003.??.??"]

1. Nf3 c5 2. c4 Nc6 3. Nc3 d6 4. e3 g6 5. Be2 Bg7 6. O-O Nf6 7. d4 cxd4 8. exd4
O-O 9. d5 Nb4 10. a3 Na6 11. Be3 Ng4 12. Qc2 Bf5 13. Bd3 Nxe3 14. fxe3 Bxd3 15.
Qxd3 Nc5 16. Qc2 Rc8 17. Rf2 Nd7 18. Ne4 b5 19. Ned2 bxc4 20. Nxc4 Nb6 21. Nfd2
Nxd5 22. Qd3 Nf6 23. Raf1 d5 24. Ne5 Qc7 25. Nef3 Ng4 26. Re2 Bxb2 27. Qxd5
Bxa3 28. Qd4 Nf6 29. Kh1 Bc5 30. Qd3 Rfd8 31. Qc3 Nd5 32. Qb3 Rb8 33. Qa2 Nc3
0-1

[Event "Aktiv-Alliancen 2003"]
[Site "Taastrup"]
[Date "2003.05.25"]
[Round "4"]
[White "Jensen, Jan Erik"]
[Black "Forsmann, Henning"]
[Result "0-1"]
[WhiteElo "1225"]
[BlackElo "1653"]
[PlyCount "64"]
[EventDate "2003.??.??"]

1. e4 c5 2. Nf3 Nc6 3. Nc3 d6 4. Bb5 g6 5. d3 Bg7 6. Bd2 e6 7. Rb1 a6 8. Bxc6+
bxc6 9. O-O Ne7 10. Re1 e5 11. Bg5 Be6 12. Qd2 O-O 13. Bh6 Qd7 14. Bxg7 Kxg7
15. b3 h6 16. h3 f5 17. exf5 gxf5 18. Na4 Qc7 19. Re2 Rf6 20. Kh2 Rg8 21. g3
Kh7 22. Nh4 f4 23. g4 Ng6 24. Nxg6 Rfxg6 25. f3 Bd5 26. Rf2 Qe7 27. Rg1 h5 28.
Nc3 hxg4 29. fxg4 Be6 30. Qe2 Qh4 31. Rfg2 Qxh3+ 32. Kxh3 Rh6# 0-1

[Event "Aktiv-Alliancen 2003"]
[Site "Taastrup"]
[Date "2003.05.25"]
[Round "4"]
[White "Larsen, Allan"]
[Black "Lisdorf, Bjorn"]
[Result "1-0"]
[WhiteElo "1186"]
[BlackElo "1558"]
[PlyCount "65"]
[EventDate "2003.??.??"]

1. e4 e5 2. Nf3 Nc6 3. Bc4 Bc5 4. Nc3 Nf6 5. d3 d6 6. O-O Be6 7. Nd5 Bxd5 8.
exd5 Ne7 9. Bb5+ c6 10. dxc6 bxc6 11. Ba4 Qb6 12. h3 Nf5 13. c3 O-O 14. b4
Bxf2+ 15. Rxf2 Ng3 16. Bc2 Rfe8 17. Qe1 e4 18. Be3 Qc7 19. dxe4 Nfxe4 20. Bxe4
Rxe4 21. Qd2 Rae8 22. Re1 Qe7 23. Kh2 Nf5 24. Bg5 f6 25. Rxe4 Qxe4 26. Bf4 d5
27. Kg1 Qb1+ 28. Rf1 Qe4 29. Re1 Ne3 30. Rxe3 Qg6 31. Rxe8+ Qxe8 32. Qe3 Qh5
33. Qe6+ 1-0

[Event "Aktiv-Alliancen 2003"]
[Site "Taastrup"]
[Date "2003.05.25"]
[Round "5"]
[White "Ohayv, Nikolaj"]
[Black "Auchenberg, Per"]
[Result "0-1"]
[WhiteElo "1755"]
[BlackElo "2040"]
[PlyCount "62"]
[EventDate "2003.??.??"]

1. e4 c5 2. Nf3 e6 3. d4 cxd4 4. Nxd4 a6 5. Bd3 Nf6 6. O-O Qc7 7. c4 h5 8. h3
Bc5 9. Nb3 Ba7 10. Qf3 d6 11. Bg5 Nbd7 12. N1d2 Ne5 13. Qg3 h4 14. Bxh4 Nh5 15.
Qh2 Nxd3 16. c5 Nhf4 17. Bg3 dxc5 18. Bxf4 Nxf4 19. Rfe1 e5 20. Nc4 Rh6 21.
Rad1 Rg6 22. g4 Rh6 23. Rd5 f6 24. Nd6+ Ke7 25. Nxc8+ Rxc8 26. Red1 Rxh3 27.
Qxf4 exf4 28. g5 Rch8 29. gxf6+ gxf6 30. f3 Rh1+ 31. Kg2 R8h2# 0-1

[Event "Aktiv-Alliancen 2003"]
[Site "Taastrup"]
[Date "2003.05.25"]
[Round "5"]
[White "Hansen, Alexei"]
[Black "Schmidt, Horst Hubert"]
[Result "0-1"]
[WhiteElo "1728"]
[BlackElo "1948"]
[PlyCount "54"]
[EventDate "2003.??.??"]

1. e4 g6 2. d4 Bg7 3. Be3 Nf6 4. Nc3 d6 5. f3 O-O 6. Qd2 e5 7. Nge2 Nc6 8.
O-O-O Rb8 9. h4 exd4 10. Nxd4 Nh5 11. Qf2 f5 12. exf5 gxf5 13. Bc4+ Kh8 14. g3
Ne5 15. Be2 f4 16. gxf4 Nxf4 17. h5 Ng4 18. fxg4 Nd3+ 19. Rxd3 Rxf2 20. Bxf2
Bxg4 21. Rg3 Bxe2 22. Ncxe2 Qf6 23. Rf3 Qe5 24. Rf5 Qe4 25. Ng3 Qg4 26. Rd1
Bh6+ 27. Kb1 Qxd1# 0-1

[Event "Aktiv-Alliancen 2003"]
[Site "Taastrup"]
[Date "2003.05.25"]
[Round "5"]
[White "Frederiksen, Henrik K"]
[Black "Erichsen, Dan"]
[Result "0-1"]
[WhiteElo "2131"]
[BlackElo "2138"]
[PlyCount "54"]
[EventDate "2003.??.??"]

1. g3 e5 2. Bg2 d5 3. d3 Nc6 4. Nf3 Be6 5. Nbd2 f6 6. O-O Qd7 7. c4 Nge7 8.
cxd5 Nxd5 9. Ne4 O-O-O 10. Bd2 Kb8 11. Rc1 h5 12. Nc5 Bxc5 13. Rxc5 g5 14. b4
h4 15. b5 Nce7 16. Qa4 hxg3 17. Rb1 Bh3 18. Bxh3 Qxh3 19. Bxg5 Rdg8 20. Qe4 Nf4
21. Nxe5 Rxg5 22. Nc6+ Nxc6 23. Rxg5 fxg5 24. bxc6 b6 25. e3 Nxd3 26. Qg2 Qxg2+
27. Kxg2 gxf2 0-1

[Event "Aktiv-Alliancen 2003"]
[Site "Taastrup"]
[Date "2003.05.25"]
[Round "5"]
[White "Rosenkilde, Alexander"]
[Black "Foslund, Kasper"]
[Result "1/2-1/2"]
[WhiteElo "1679"]
[BlackElo "1593"]
[PlyCount "137"]
[EventDate "2003.??.??"]

1. d4 d5 2. c4 e6 3. Nc3 Nf6 4. Nf3 Be7 5. Bf4 c6 6. e3 Nbd7 7. cxd5 exd5 8. h3
O-O 9. Bd3 Re8 10. O-O Nf8 11. Rb1 a5 12. a3 Ne6 13. Bh2 Bd6 14. Bxd6 Qxd6 15.
Na4 Nd7 16. Qc2 g6 17. Rfc1 b5 18. Nc3 Nb6 19. a4 b4 20. Ne2 Bb7 21. b3 Rac8
22. Qd1 c5 23. dxc5 Nxc5 24. Bb5 Re7 25. Ng3 Rec7 26. Nh2 Ne6 27. Rxc7 Rxc7 28.
Ng4 Bc6 29. Nh6+ Kf8 30. Bxc6 Qxc6 31. Qf3 Qc3 32. Ng4 Kg7 33. h4 h5 34. Nh2
Qc2 35. Qd1 Qxd1+ 36. Rxd1 Rc3 37. Rb1 Nc5 38. Nf3 Nxb3 39. e4 dxe4 40. Nxe4
Rc1+ 41. Rxc1 Nxc1 42. Nc5 Ne2+ 43. Kf1 Nc3 44. Nb3 Nc4 45. Nc5 Kf6 46. Ke1 Kf5
47. Nd4+ Ke5 48. Ndb3 Kd5 49. f3 Kc6 50. Kf2 Nb2 51. g4 Ncxa4 52. gxh5 gxh5 53.
Nxa4 Nxa4 54. Nxa5+ Kb5 55. Nb3 Kc4 56. Na5+ Kd5 57. Ke3 Nc5 58. Kf4 Ne6+ 59.
Kf5 Nd4+ 60. Kf6 Nxf3 61. Kxf7 Nxh4 62. Kf6 Nf3 63. Kf5 Kc5 64. Nb3+ Kc4 65.
Na5+ Kc3 66. Kf4 Nd2 67. Kg5 Nc4 68. Nb7 b3 69. Nc5 1/2-1/2

[Event "Aktiv-Alliancen 2003"]
[Site "Taastrup"]
[Date "2003.05.25"]
[Round "5"]
[White "Foslund, Peter"]
[Black "Pallesen, Jacob"]
[Result "0-1"]
[WhiteElo "1659"]
[BlackElo "2070"]
[PlyCount "76"]
[EventDate "2003.??.??"]

1. c4 g6 2. Nc3 Bg7 3. d4 d6 4. Nf3 f5 5. g3 Nf6 6. Bg2 O-O 7. O-O Na6 8. a3 c5
9. d5 Bd7 10. Ng5 Nc7 11. Ne6 Nxe6 12. dxe6 Bxe6 13. Bxb7 Rb8 14. Bd5 Nxd5 15.
cxd5 Bf7 16. f3 Qb6 17. Na4 Qb3 18. e4 Bd4+ 19. Kh1 Be8 20. Qxb3 Rxb3 21. Nc3
fxe4 22. Bh6 Rxf3 23. Nxe4 Bf7 24. Rxf3 Rxf3 25. Kg2 Rf5 26. g4 Re5 27. Nc3
Bxd5+ 28. Kg3 Bf7 29. Nb5 Bxb2 30. Rb1 Re2 31. Nxa7 Bd5 32. Rf1 Be5+ 33. Bf4
Re3+ 34. Kh4 Bxf4 35. Rxf4 h6 36. g5 h5 37. Nc8 Be6 38. Nxe7+ Kg7 0-1

[Event "Aktiv-Alliancen 2003"]
[Site "Taastrup"]
[Date "2003.05.25"]
[Round "5"]
[White "Lauritsen, Martin Lee"]
[Black "Larsen, Allan"]
[Result "1-0"]
[WhiteElo "1768"]
[BlackElo "1186"]
[PlyCount "65"]
[EventDate "2003.??.??"]

1. e4 d5 2. exd5 Qxd5 3. Nc3 Qa5 4. Bc4 e6 5. Nf3 Nf6 6. O-O c6 7. d4 b5 8. Bd3
Bd6 9. Bd2 Qc7 10. Qe2 O-O 11. Ne4 Nbd7 12. Nxd6 Qxd6 13. c3 Bb7 14. Rad1 Rfe8
15. Ne5 Rad8 16. f4 a6 17. Bb1 Nf8 18. Be1 h6 19. Bh4 N8d7 20. Nxd7 Rxd7 21.
Bxf6 gxf6 22. Qg4+ Kf8 23. Qh4 Ke7 24. Qxh6 Qd5 25. Rf2 c5 26. Qh3 Rg8 27. Rdd2
Rdd8 28. f5 Rh8 29. Qg3 c4 30. fxe6 Rhg8 31. Qc7+ Rd7 32. exd7 Rxg2+ 33. Rxg2
1-0

[Event "Aktiv-Alliancen 2003"]
[Site "Taastrup"]
[Date "2003.05.25"]
[Round "5"]
[White "Sandbech, Ted"]
[Black "Forsmann, Henning"]
[Result "1-0"]
[WhiteElo "1539"]
[BlackElo "1653"]
[PlyCount "71"]
[EventDate "2003.??.??"]

1. Nf3 Nf6 2. d4 e6 3. c4 Bb4+ 4. Bd2 Qe7 5. Nc3 d5 6. e3 O-O 7. cxd5 exd5 8.
Be2 Bf5 9. O-O c6 10. a3 Bd6 11. Rc1 Nbd7 12. Na4 Ne4 13. Be1 Ndf6 14. Nc3 Rac8
15. Nxe4 Nxe4 16. Nd2 Qc7 17. f4 Qe7 18. Bg4 Bxg4 19. Qxg4 Nf6 20. Qh3 Rfe8 21.
Rf3 c5 22. Bh4 b6 23. Rg3 Kh8 24. Qf5 Qe6 25. Qg5 Rg8 26. Rh3 h6 27. Qg3 Rce8
28. Qf3 Qf5 29. Nf1 Ne4 30. Ng3 Nxg3 31. Qxg3 Re6 32. Bg5 Rg6 33. Rh5 Rxg5 34.
Qxg5 Qe6 35. f5 Qe8 36. Rxh6+ 1-0

[Event "Aktiv-Alliancen 2003"]
[Site "Taastrup"]
[Date "2003.05.25"]
[Round "5"]
[White "Nielsen, Michael Backmann"]
[Black "Carlsen, Henrik"]
[Result "1/2-1/2"]
[WhiteElo "1320"]
[BlackElo "1394"]
[PlyCount "59"]
[EventDate "2003.??.??"]

1. d4 Nf6 2. Nf3 g6 3. c4 c5 4. d5 b5 5. cxb5 a6 6. b6 Qxb6 7. Nc3 Bg7 8. e4 d6
9. h3 Nbd7 10. Bd3 O-O 11. O-O Rb8 12. Re1 Bb7 13. a4 Rfc8 14. a5 Qc7 15. Bc4
Ne8 16. Bf4 Qd8 17. Qd2 Nc7 18. Bg5 Ba8 19. Ra3 Rb4 20. Qd3 Rxb2 21. Bxa6 Nxa6
22. Qxa6 Rcb8 23. Na4 R2b4 24. Kh2 Bb7 25. Qe2 Ra8 26. Bd2 Ba6 27. Qe3 Rb5 28.
Qf4 Rab8 29. g3 h6 30. h4 1/2-1/2

[Event "Aktiv-Alliancen 2003"]
[Site "Taastrup"]
[Date "2003.05.25"]
[Round "5"]
[White "Lisdorf, Bjorn"]
[Black "Jensen, Jan Erik"]
[Result "0-1"]
[WhiteElo "1558"]
[BlackElo "1225"]
[PlyCount "94"]
[EventDate "2003.??.??"]

1. b3 e5 2. Bb2 Nc6 3. c4 d6 4. Nc3 Nf6 5. e3 g6 6. Rc1 Bg7 7. Bd3 O-O 8. Bb1
Be6 9. Qc2 Qd7 10. a3 a6 11. Nge2 Rad8 12. f4 Bg4 13. Nd5 Bxe2 14. Nxf6+ Bxf6
15. Kxe2 Bg7 16. f5 Ne7 17. g4 c6 18. h4 d5 19. h5 e4 20. Bxg7 Kxg7 21. Rcg1
Rg8 22. f6+ Kxf6 23. Qb2+ Ke6 24. c5 f5 25. g5 Rdf8 26. d3 Qe8 27. h6 Qb8 28.
dxe4 dxe4 29. Rd1 Nd5 30. b4 Qg3 31. Qd4 Qg2+ 32. Ke1 Qxh1+ 33. Kd2 Qg2+ 34.
Kc1 Qxg5 35. Ba2 Rd8 36. b5 axb5 37. Qc3 Rd7 38. Bxd5+ Rxd5 39. Rxd5 cxd5 40.
c6 Rc8 41. c7 Kd6 42. Qb4+ Kxc7 43. Kd2 Qg2+ 44. Ke1 Qg3+ 45. Ke2 Qf3+ 46. Kd2
Qf2+ 47. Kd1 Kb8 0-1

[Event "Aktiv-Alliancen 2003"]
[Site "Taastrup"]
[Date "2003.05.31"]
[Round "6"]
[White "Schmidt, Horst Hubert"]
[Black "Auchenberg, Per"]
[Result "0-1"]
[WhiteElo "1948"]
[BlackElo "2040"]
[PlyCount "52"]
[EventDate "2003.??.??"]

1. g3 e5 2. Bg2 Nf6 3. e4 Bc5 4. Nc3 Nc6 5. d3 d6 6. Be3 Bxe3 7. fxe3 Be6 8.
Nge2 d5 9. O-O d4 10. exd4 Nxd4 11. Qd2 c6 12. Kh1 h6 13. Nxd4 Qxd4 14. Ne2 Qb6
15. a3 O-O-O 16. Ng1 h5 17. Qc3 h4 18. Qxe5 Ng4 19. Qf4 hxg3 20. Bh3 gxh2 21.
Qxg4 hxg1=Q+ 22. Qxg1 Bxh3 23. Rf2 Qe3 24. Qe1 Bg2+ 25. Kxg2 Qh3+ 26. Kg1 Qh1#
0-1

[Event "Aktiv-Alliancen 2003"]
[Site "Taastrup"]
[Date "2003.05.31"]
[Round "6"]
[White "Rosenkilde, Alexander"]
[Black "Ohayv, Nikolaj"]
[Result "1/2-1/2"]
[WhiteElo "1679"]
[BlackElo "1755"]
[PlyCount "60"]
[EventDate "2003.??.??"]

1. d4 d5 2. c4 e6 3. Nc3 c5 4. cxd5 exd5 5. Nf3 Be6 6. Bf4 Nc6 7. e3 Nf6 8. Bb5
a6 9. Be2 c4 10. O-O Be7 11. b3 b5 12. bxc4 bxc4 13. Ne5 Nxe5 14. Bxe5 O-O 15.
Qc2 Bd6 16. e4 Nxe4 17. Nxe4 Bxe5 18. dxe5 dxe4 19. Qxe4 Qd5 20. Qxd5 Bxd5 21.
Rac1 Rfc8 22. Rfd1 Be6 23. Rc3 Rc5 24. f4 a5 25. Rd4 Rac8 26. Kf2 Kf8 27. Ke3
Ke7 28. g4 g6 29. h3 Rb8 30. Rd2 Rbc8 1/2-1/2

[Event "Aktiv-Alliancen 2003"]
[Site "Taastrup"]
[Date "2003.05.31"]
[Round "6"]
[White "Erichsen, Dan"]
[Black "Lauritsen, Martin Lee"]
[Result "1-0"]
[WhiteElo "2138"]
[BlackElo "1768"]
[PlyCount "81"]
[EventDate "2003.??.??"]

1. d4 Nf6 2. Bg5 Ne4 3. Bf4 d5 4. e3 e6 5. Bd3 Nf6 6. c4 dxc4 7. Bxc4 Be7 8.
Nc3 c6 9. Nf3 Nbd7 10. O-O O-O 11. h3 Nb6 12. Bb3 Nbd5 13. Bh2 Nxc3 14. bxc3 b6
15. Qd3 Bb7 16. Rfd1 c5 17. Nd2 Bd6 18. e4 Bxh2+ 19. Kxh2 Qc7+ 20. e5 Nd5 21.
g3 f5 22. exf6 Rxf6 23. Ne4 Rf7 24. Rd2 Qc6 25. f4 g6 26. Ng5 Rf6 27. dxc5 h6
28. Ne4 Rf5 29. Nd6 Rf6 30. Nxb7 Qxb7 31. cxb6 Nxb6 32. Re1 Re8 33. Rde2 Qc6
34. Rxe6 Rfxe6 35. Rxe6 Rxe6 36. Qxg6+ Kf8 37. Qxe6 Qc7 38. Qxh6+ Ke8 39. Qh8+
Kd7 40. Qg7+ Kc6 41. Qxc7+ 1-0

[Event "Aktiv-Alliancen 2003"]
[Site "Taastrup"]
[Date "2003.05.31"]
[Round "6"]
[White "Pallesen, Jacob"]
[Black "Foslund, Kasper"]
[Result "1/2-1/2"]
[WhiteElo "2070"]
[BlackElo "1593"]
[PlyCount "95"]
[EventDate "2003.??.??"]

1. d4 d5 2. c4 e6 3. Nc3 Nf6 4. cxd5 exd5 5. Bg5 Be7 6. e3 O-O 7. Bd3 Nbd7 8.
Qc2 Re8 9. Nge2 Nf8 10. h3 c6 11. O-O-O h6 12. Bh4 Ne4 13. Bxe7 Qxe7 14. Bxe4
dxe4 15. g4 Be6 16. Ng3 Bd5 17. Nf5 Qf6 18. h4 h5 19. Ng3 hxg4 20. Ngxe4 Qh6
21. Rhg1 Qxh4 22. Nd6 Re6 23. Nxb7 Bf3 24. Rde1 Rb8 25. Nc5 Rg6 26. Qf5 Qxf2
27. Nd3 Qh2 28. Qe5 Qxe5 29. Nxe5 Rh6 30. Nxg4 Bxg4 31. Rxg4 Ne6 32. Re2 f5 33.
Rg3 Re8 34. Rf2 f4 35. exf4 Nxd4 36. Kd2 Nf5 37. Rd3 Rhe6 38. Rd7 R8e7 39. Rxe7
Rxe7 40. Kd3 Kf8 41. Kc4 Re6 42. Kc5 Ke7 43. Re2 Rxe2 44. Nxe2 Kd7 45. b4 Nd6
46. Nc3 Nb7+ 47. Kd4 Ke6 48. Ne4 1/2-1/2

[Event "Aktiv-Alliancen 2003"]
[Site "Taastrup"]
[Date "2003.05.31"]
[Round "6"]
[White "Sandbech, Ted"]
[Black "Hansen, Alexei"]
[Result "0-1"]
[WhiteElo "1539"]
[BlackElo "1728"]
[PlyCount "74"]
[EventDate "2003.??.??"]

1. Nf3 c5 2. e4 Nc6 3. Bc4 e6 4. d4 cxd4 5. Nxd4 Nf6 6. Nxc6 bxc6 7. Nc3 d5 8.
exd5 cxd5 9. Bb5+ Bd7 10. Qe2 Bxb5 11. Qxb5+ Qd7 12. O-O a6 13. Qxd7+ Kxd7 14.
Bg5 Rb8 15. b3 Bd6 16. Rad1 Rhc8 17. Bxf6 gxf6 18. Rd3 Be5 19. Nxd5 exd5 20.
Rxd5+ Ke6 21. c4 Rd8 22. Ra5 Rb6 23. Re1 Kd7 24. g3 Kc6 25. Re4 Bc3 26. Rh5 Rd2
27. c5 Rb5 28. Rxh7 Rxa2 29. Rxf7 Rxb3 30. Re8 Kxc5 31. Rd7 Be5 32. Rc8+ Kb6
33. Re7 Rbb2 34. Ra8 Rxf2 35. Re6+ Kb7 36. Rexa6 Rg2+ 37. Kh1 Rxh2+ 0-1

[Event "Aktiv-Alliancen 2003"]
[Site "Taastrup"]
[Date "2003.05.31"]
[Round "6"]
[White "Foslund, Peter"]
[Black "Frederiksen, Henrik K"]
[Result "0-1"]
[WhiteElo "1659"]
[BlackElo "2131"]
[PlyCount "84"]
[EventDate "2003.??.??"]

1. Nf3 d6 2. d4 g6 3. e4 Bg7 4. Be3 Nc6 5. c3 e5 6. dxe5 Nxe5 7. Nxe5 Bxe5 8.
f4 Bg7 9. Be2 Qh4+ 10. g3 Qe7 11. O-O Qxe4 12. Qd3 Qxd3 13. Bxd3 Nf6 14. Bd4
O-O 15. Nd2 Bh3 16. Rfe1 Rfe8 17. Bxf6 Rxe1+ 18. Rxe1 Bxf6 19. Kf2 Be6 20. a3
Kg7 21. Ne4 Bd7 22. Nxf6 Kxf6 23. Be4 Rb8 24. Kf3 h5 25. b4 Re8 26. Re3 c6 27.
c4 Bf5 28. Bxf5 Rxe3+ 29. Kxe3 Kxf5 30. h3 Ke6 31. g4 hxg4 32. hxg4 b6 33. a4
c5 34. bxc5 bxc5 35. Kd3 a5 36. Ke3 d5 37. Kd3 f6 38. Kc3 g5 39. cxd5+ Kxd5 40.
fxg5 fxg5 41. Kd3 c4+ 42. Kc3 Kc5 0-1

[Event "Aktiv-Alliancen 2003"]
[Site "Taastrup"]
[Date "2003.05.31"]
[Round "6"]
[White "Forsmann, Henning"]
[Black "Carlsen, Henrik"]
[Result "1-0"]
[WhiteElo "1653"]
[BlackElo "1394"]
[PlyCount "81"]
[EventDate "2003.??.??"]

1. d4 Nf6 2. c4 c5 3. Nf3 cxd4 4. Nxd4 g6 5. g3 Bg7 6. Bg2 Qb6 7. Nb3 Nc6 8.
O-O d6 9. Nc3 O-O 10. a3 Be6 11. Nd5 Bxd5 12. cxd5 Ne5 13. Bd2 Nc4 14. Bc3 Nd7
15. Bxg7 Kxg7 16. Rb1 Nde5 17. Re1 Rac8 18. e3 Rc7 19. Re2 Rfc8 20. Bh3 f5 21.
Nd4 Kf6 22. Ne6 Rd7 23. Bf1 Nf3+ 24. Kg2 Nce5 25. Rc2 Rh8 26. Be2 Ng5 27. Nxg5
Kxg5 28. f4+ Kh6 29. fxe5 Qxe3 30. e6 Rdd8 31. Qc1 Qg5 32. Qxg5+ Kxg5 33. Rbc1
Rhf8 34. Rc7 Rf6 35. Rxe7 Rdf8 36. Rxh7 f4 37. h4+ Kf5 38. gxf4 Ke4 39. Bf3+
Ke3 40. Rxb7 Rxf4 41. e7 1-0

[Event "Aktiv-Alliancen 2003"]
[Site "Taastrup"]
[Date "2003.05.31"]
[Round "6"]
[White "Jensen, Jan Erik"]
[Black "Riis, Morten"]
[Result "0-1"]
[WhiteElo "1225"]
[BlackElo "1456"]
[PlyCount "64"]
[EventDate "2003.??.??"]

1. e4 c5 2. Nf3 Nc6 3. Nc3 e6 4. Bb5 Nf6 5. d3 Be7 6. Bxc6 bxc6 7. O-O O-O 8.
Bf4 d5 9. Ne5 Bb7 10. exd5 cxd5 11. Re1 Bd6 12. Qd2 Qc7 13. Bg3 Nh5 14. Nb5 Qe7
15. Nxd6 Nxg3 16. Nxb7 Qxb7 17. hxg3 Qxb2 18. Nf3 Rfc8 19. Reb1 Qa3 20. Qf4 Qc3
21. Qd2 Qf6 22. Qd1 Rc6 23. Rb7 Rb6 24. Rb1 h6 25. R1xb6 axb6 26. Rxb6 Rxa2 27.
Qb1 Ra1 28. Rb8+ Kh7 29. Ng5+ hxg5 30. Rb2 Rxb1+ 31. Rxb1 Qc3 32. Rc1 Qd2 0-1

[Event "Aktiv-Alliancen 2003"]
[Site "Taastrup"]
[Date "2003.05.31"]
[Round "6"]
[White "Larsen, Allan"]
[Black "Nielsen, Michael Backmann"]
[Result "0-1"]
[WhiteElo "1186"]
[BlackElo "1320"]
[PlyCount "56"]
[EventDate "2003.??.??"]

1. b4 c6 2. Bb2 Qb6 3. a3 a5 4. c3 Nf6 5. e3 d5 6. Be2 Bf5 7. d4 Nbd7 8. Nd2 e6
9. Ngf3 Bd6 10. c4 Bb8 11. cxd5 exd5 12. O-O O-O 13. Bc3 axb4 14. Bxb4 Re8 15.
Nh4 Qc7 16. g3 Bh3 17. Re1 Ne4 18. Nxe4 Rxe4 19. Nf3 Bg4 20. Ng5 Bxe2 21. Qxe2
Rh4 22. f4 Rh6 23. e4 Ba7 24. Bc5 Nxc5 25. exd5 Nd7 26. Qe7 Bxd4+ 27. Kh1 Rf8
28. Nxh7 Rxh7 0-1

[Event "Aktiv-Alliancen 2003"]
[Site "Taastrup"]
[Date "2003.05.31"]
[Round "7"]
[White "Auchenberg, Per"]
[Black "Hansen, Alexei"]
[Result "1-0"]
[WhiteElo "2040"]
[BlackElo "1728"]
[PlyCount "75"]
[EventDate "2003.??.??"]

1. f4 Nf6 2. Nf3 d5 3. b3 e6 4. Bb2 Be7 5. e3 c5 6. Bb5+ Bd7 7. Bxd7+ Nbxd7 8.
O-O O-O 9. Qe2 Ne4 10. d3 Nd6 11. c4 f5 12. Nbd2 Bf6 13. Ne5 Bxe5 14. fxe5 Ne8
15. d4 b6 16. cxd5 exd5 17. Qd3 g6 18. Rac1 Nc7 19. Nf3 Qe7 20. Ba3 Rfd8 21.
Rc2 Ne6 22. h3 Rac8 23. Rcf2 Ng5 24. Nxg5 Qxg5 25. Bc1 c4 26. Qe2 cxb3 27. axb3
Rc7 28. Ba3 Rdc8 29. Qf3 Rc3 30. Qxd5+ Kh8 31. Qxd7 Rd8 32. Qe7 Qxe7 33. Bxe7
Rdc8 34. Bf6+ Kg8 35. d5 Rd3 36. d6 Kf7 37. Ra1 a5 38. b4 1-0

[Event "Aktiv-Alliancen 2003"]
[Site "Taastrup"]
[Date "2003.05.31"]
[Round "7"]
[White "Foslund, Kasper"]
[Black "Erichsen, Dan"]
[Result "0-1"]
[WhiteElo "1593"]
[BlackElo "2138"]
[PlyCount "120"]
[EventDate "2003.??.??"]

1. e4 e5 2. Nf3 Nc6 3. Bb5 a6 4. Ba4 Nf6 5. d3 b5 6. Bb3 Bc5 7. a4 Bb7 8. c3 d6
9. O-O O-O 10. Be3 Bxe3 11. fxe3 Qe7 12. Nbd2 Rad8 13. axb5 axb5 14. Bd5 Nxd5
15. exd5 Nb8 16. e4 f5 17. b3 Nd7 18. Qc2 Rb8 19. c4 bxc4 20. bxc4 Bc8 21. Rfb1
Rxb1+ 22. Qxb1 Nc5 23. Ra7 fxe4 24. dxe4 Bg4 25. Ra3 Bh5 26. Qe1 Qf7 27. Qg3
Bg6 28. Qe1 Qf4 29. Re3 Ra8 30. g3 Qh6 31. Rc3 Qh5 32. Re3 h6 33. Nh4 Bh7 34.
Nhf3 Qg4 35. Kg2 Kh8 36. h3 Qg6 37. Qb1 Rf8 38. Qc2 Rf4 39. Qb1 Nxe4 40. Nxe4
Rxe4 41. Rxe4 Qxe4 42. Qxe4 Bxe4 43. Kf2 Bxf3 44. Kxf3 g5 45. Ke4 Kg7 46. Kf5
Kf7 47. g4 Ke7 48. Ke4 Kd7 49. c5 dxc5 50. Kxe5 c6 51. dxc6+ Kxc6 52. Kf5 c4
53. Kg6 c3 54. Kxh6 c2 55. Kxg5 c1=Q+ 56. Kh5 Kd6 57. h4 Ke6 58. Kg6 Qf4 59.
Kh5 Kf7 60. g5 Qf5 0-1